| 000 | 00882nam a2200289Ia 4500 | ||
|---|---|---|---|
| 003 | OSt | ||
| 005 | 20221006160228.0 | ||
| 006 | a|||||r|||| 00| 0 | ||
| 007 | ta | ||
| 008 | 221006b |||||||| |||| 00| 0 eng d | ||
| 020 |
_a9780765606372 _c _35.95 |
||
| 024 | _a44,676 | ||
| 037 |
_bGift, Window on Korea _cTextual |
||
| 040 |
_aEASL _cEASL _beng |
||
| 041 |
_2eng _aeng |
||
| 082 | _aW.495.N88, P0 | ||
| 100 |
_aHenry Scott-Stokes Ed. _9672527 |
||
| 245 | 0 |
_aKwangju uprising _b Eyewitness press account of Korea's tiananmen |
|
| 260 |
_aNew York _bM.E.Sharpe _c2000 |
||
| 300 |
_a252p. _ccm. |
||
| 490 | _v KEL | ||
| 650 |
_a Kwangju uprisingKorea _9672528 |
||
| 650 | _aKEL | ||
| 700 |
_a Lee Jai Eui Ed. _9672529 |
||
| 942 |
_hW.495.N88, P0 _cTEXL _2CC |
||
| 999 |
_c1112768 _d1112768 |
||